00779nam a2200205Ia 4500003000900000008004100009040001600050080001700066100002500083245015600108260003900264300001000303490002700313650004100340650001900381650003600400942000700436999001500443952011500458IN-BaIIA211028s9999 xx 000 0 eng d cIIA Library a52(091)bBOY aBoyer, Carl B.93791 4aThe history of the calculus and its conceptual development (the concepts of the calculus)cCarl B. Boyer  aNew YorkbDover Publicationsc1949 a346p. aDover books on science aAstronomy and astrophysics thesaurus aCalculus91611 aMathematical applications93792 cBK c2010d2010 00104070aBANbBANcGENd0000-00-00g9.00l0o52(091)/ BOYp2254r2021-11-05v9.00w0000-00-00yBKGRs. 9.00